Central Library OPAC University of Rajshahi

Natural resources, (Record no. 7106)

MARC details
000 -LEADER
fixed length control field 01001nam a2200325I 4500
001 - CONTROL NUMBER
control field 7106
003 - CONTROL NUMBER IDENTIFIER
rucl marc code BD-RjUL
005 - DATE AND TIME OF LATEST TRANSACTION
control field 20211208234350.0
008 - FIXED-LENGTH DATA ELEMENTS--GENERAL INFORMATION
fixed length control field 760826s1959 nyu 000 0 eng
035 ## - SYSTEM CONTROL NUMBER
System control number MITb10906574
System control number (BD-RjUL)7148
040 ## - CATALOGING SOURCE
Original cataloging agency DLC
Transcribing agency WSU
Modifying agency UKM
-- BD-RjUL
Language of cataloging eng
041 ## - LANGUAGE CODE
Language code of text/sound track or separate title eng
082 ## - DEWEY DECIMAL CLASSIFICATION NUMBER
Classification number 333
Author mark and year HUN 1959
090 ## - LOCALLY ASSIGNED LC-TYPE CALL NUMBER (OCLC); LOCAL CALL NUMBER (OCLC)
Classification number (OCLC) (R) ; Classification number, CALL (RLIN) (NR) HC55
Local cutter number (OCLC) ; Book number/undivided call number, CALL (RLIN) .H8x 1959
100 1# - MAIN ENTRY--PERSONAL NAME
Personal name Huberty, Martin R.
Fuller form of name (Martin Richard),
Dates associated with a name 1894-
9 (RLIN) 22253
245 10 - TITLE STATEMENT
Title Natural resources,
Statement of responsibility, etc. edited by Martin R. Huberty and Warren L. Flock.
260 ## - PUBLICATION, DISTRIBUTION, ETC. (IMPRINT)
Place of publication, distribution, etc. New York,
Name of publisher, distributor, etc. McGraw-Hill,
Date of publication, distribution, etc. 1959.
300 ## - PHYSICAL DESCRIPTION
Pagination 556 p.
Illustrations illus.
Size 24 cm.
490 1# - SERIES STATEMENT
Series statement University of California engineering extension series
504 ## - BIBLIOGRAPHY, ETC. NOTE
Bibliography, etc Includes bibliography.
650 #0 - SUBJECT ADDED ENTRY--TOPICAL TERM
Topical term or geographic name as entry element Natural resources.
9 (RLIN) 22254
700 1# - ADDED ENTRY--PERSONAL NAME
Personal name Flock, Warren L.
830 #0 - SERIES ADDED ENTRY--UNIFORM TITLE
Uniform title University of California engineering extension series.
942 ## - ADDED ENTRY ELEMENTS (KOHA)
Source of classification or shelving scheme Dewey Decimal Classification
Koha item type Books
946 ## - LOCAL PROCESSING INFORMATION (OCLC)
a t
949 ## - LOCAL PROCESSING INFORMATION (OCLC)
a c
p 39080021864944
Holdings
Lost status Source of classification or shelving scheme Damaged status Not for loan Collection code Permanent Location Current Location Shelving location Date acquired Source of acquisition Cost, normal purchase price Total Checkouts Full call number Date last seen Copy number Koha item type
  Dewey Decimal Classification   Not For Loan Non-fiction Central Library, University of Rajshahi Central Library, University of Rajshahi   29/11/1962 Zeitlinger 85.00   333 HUN 1959 13/01/2014 C-1 Books